MARC

LEADER 00000nam0a2200000 4500
001 310615
005 20231102002315.0
020 |a RU  |b 85-80231 
035 |a (RuTPU)RU\TPU\book\335965 
090 |a 310615 
100 |a 20151126d1981 k y0rusy5003 ca 
101 0 |a rus 
102 |a UA 
105 |a a z 001zy 
200 1 |a Вопросы гидрогеологии и инженерной геологии в связи с герригацией, водоснабжением и промышленным строительством  |e сборник научных трудов  |f Днепропетровский государственный университет (ДГУ), Научно-исследовательский институт геологии ; под ред. В. К. Рудакова 
210 |a Днепропетровск  |c Изд-во ДГУ  |d 1981 
215 |a 176 с.  |c ил. 
320 |a Библиография в конце статей 
606 1 |a Инженерная геология  |2 stltpush  |3 (RuTPU)RU\TPU\subj\12572  |9 39335 
606 1 |a Гидрогеология специальная  |2 stltpush  |3 (RuTPU)RU\TPU\subj\6643  |9 34473 
610 1 |a гидрология 
610 1 |a гидромелиоративное строительство 
610 1 |a гидротехническое строительство 
610 1 |a промышленное строительство 
610 1 |a применение 
610 1 |a применение 
610 1 |a фильтрация 
610 1 |a толщи 
610 1 |a многослойное строение 
610 1 |a фильтрационные процессы 
610 1 |a математическое моделирование 
610 1 |a пористые среды 
610 1 |a массоперенос 
610 1 |a ЭВМ 
610 1 |a Украина 
675 |a 556.3  |z rus  |v 3 
675 |a 624.131.1  |z rus  |v 3 
702 1 |a Рудаков  |b В. К.  |4 340 
712 0 2 |a Днепропетровский государственный университет (ДГУ)  |b Научно-исследовательский институт геологии  |g ДГУ  |y Днепропетровск (Украина)  |z (1918-2016)  |2 stltpush  |3 (RuTPU)RU\TPU\col\11280 
801 0 |a RU  |b RuMRKP  |c 19950704  |g psbo 
801 1 |a RU  |b 63413507  |c 20151126 
801 2 |a RU  |b 63413507  |c 20180924  |g RCR 
942 |c BK